水滸傳
| 資料類型: | 圖書 | 書目號: | 48061 |
Leader xxxxxxxxxx 001 __ PCLIS00048061 005 __ 20080626142200.0008 010 0_ |a986-6966-28-3|b平裝|dNT$128 010 0_ |a978-986-6966-28-6|b平裝|dNT$128 042 __ |anbic 100 __ |a20080626d2006 m y0chiy09 e 101 0_ |achi 102 __ |atw 105 __ |aak z 0000yy 200 1_ |a水滸傳|e|f(明)施耐庵原著|g之人編撰 205 __ |a初版 210 __ |a臺北縣中和市|c漢宇國際文化|d2006[民95] 215 0_ |a255面|c彩圖|d26公分 225 2_ |a中國經典名著|v2 300 __ |a 681 __ |a857.46|y2006 700 _1 |a施|b耐庵|s明|4 702 _1 |a之人|b|4 801 _0 |atw|b臺北科大|c2007|gCCR |